The Abakhayo origin, clans and traditions / (Record no. 53943)

MARC details
000 -LEADER
fixed length control field 00806cam a22002655i 4500
001 - CONTROL NUMBER
control field 20649766
003 - CONTROL NUMBER IDENTIFIER
control field OSt
005 - DATE AND TIME OF LATEST TRANSACTION
control field 20190314155259.0
008 - FIXED-LENGTH DATA ELEMENTS--GENERAL INFORMATION
fixed length control field 180829s2018 ke a b 001 0 eng d
010 ## - LIBRARY OF CONGRESS CONTROL NUMBER
LC control number 2018354553
020 ## - INTERNATIONAL STANDARD BOOK NUMBER
International Standard Book Number 9966734775
040 ## - CATALOGING SOURCE
Original cataloging agency DLC
Language of cataloging eng
Description conventions rda
Transcribing agency DLC
042 ## - AUTHENTICATION CODE
Authentication code lcode
-- pcc
050 ## - LIBRARY OF CONGRESS CALL NUMBER
Classification number DT433.5
Item number .M85 2018
100 1# - MAIN ENTRY--PERSONAL NAME
Personal name Mukhule, Chrispinus.
245 14 - TITLE STATEMENT
Title The Abakhayo origin, clans and traditions /
Statement of responsibility, etc Major "Rtd" Chrispinus Mukhule.
260 ## - PUBLICATION, DISTRIBUTION, ETC. (IMPRINT)
Place of publication, distribution, etc Nairobi
Date of publication, distribution, etc 2018
300 ## - PHYSICAL DESCRIPTION
Extent xiii, 245 pages :
Other physical details illustrations ;
Dimensions 21 cm
504 ## - BIBLIOGRAPHY, ETC. NOTE
Bibliography, etc Includes bibliographical references (pages [231]-235) and index.
650 ## - SUBJECT ADDED ENTRY--TOPICAL TERM
Topical term or geographic name as entry element History
Form subdivision Folklore
General subdivision Abakhayo
650 ## - SUBJECT ADDED ENTRY--TOPICAL TERM
Topical term or geographic name as entry element Abakhayo
906 ## - LOCAL DATA ELEMENT F, LDF (RLIN)
a 0
b ibc
c lcode
d 3
e ncip
f 20
g y-gencatlg
942 ## - ADDED ENTRY ELEMENTS (KOHA)
Source of classification or shelving scheme Library of Congress Classification
Koha item type Book
Holdings
Withdrawn status Lost status Source of classification or shelving scheme Damaged status Not for loan Collection code Home library Current library Shelving location Date acquired Source of acquisition Cost, normal purchase price Total Checkouts Full call number Barcode Copy number Price effective from Koha item type
    Library of Congress Classification     Non-fiction Bishop Okullu Memorial Library (Limuru Campus) Bishop Okullu Memorial Library (Limuru Campus) General Circulation 14/03/2019 purchase 1300.00   DT433.5 .M85 2018 060967 1 14/03/2019 Book